Technical aspects of data communication / (Record no. 9461)

MARC details
000 -LEADER
fixed length control field 00741cam a2200253 a 4500
001 - CONTROL NUMBER
control field 546980
003 - CONTROL NUMBER IDENTIFIER
control field OSt
005 - DATE AND TIME OF LATEST TRANSACTION
control field 20241029171104.0
008 - FIXED-LENGTH DATA ELEMENTS--GENERAL INFORMATION
fixed length control field 880219s1988 maua 001 0 eng
010 ## - LIBRARY OF CONGRESS CONTROL NUMBER
LC control number 88003838
020 ## - INTERNATIONAL STANDARD BOOK NUMBER
International Standard Book Number 1555581110
Terms of availability $42.00
040 ## - CATALOGING SOURCE
Original cataloging agency DLC
Transcribing agency must
Modifying agency DLC
050 00 - LIBRARY OF CONGRESS CALL NUMBER
Classification number TK5105
Item number .M33 1988
082 00 - DEWEY DECIMAL CLASSIFICATION NUMBER
Classification number 629.3 MCN 1998
Edition number 20
100 1# - MAIN ENTRY--PERSONAL NAME
Personal name McNamara, John E.
9 (RLIN) 19295
245 10 - TITLE STATEMENT
Title Technical aspects of data communication /
Statement of responsibility, etc. John E. McNamara.
250 ## - EDITION STATEMENT
Edition statement 3rd ed.
260 ## - PUBLICATION, DISTRIBUTION, ETC. (IMPRINT)
Place of publication, distribution, etc. Rockport, MA :
Name of publisher, distributor, etc. Digital Press,
Date of publication, distribution, etc. c1988.
300 ## - PHYSICAL DESCRIPTION
Extent xi, 383 p. :
Other physical details ill. ;
Dimensions 24 cm.
500 ## - GENERAL NOTE
General note Includes index.
650 #0 - SUBJECT ADDED ENTRY--TOPICAL TERM
Topical term or geographic name as entry element Data transmission systems.
9 (RLIN) 695
906 ## - LOCAL DATA ELEMENT F, LDF (RLIN)
a 7
b cbc
c orignew
d 1
e ocip
f 19
g y-gencatlg
942 ## - ADDED ENTRY ELEMENTS (KOHA)
Source of classification or shelving scheme Dewey Decimal Classification
Koha item type Book Bank
Holdings
Withdrawn status Lost status Source of classification or shelving scheme Damaged status Not for loan Home library Current library Date acquired Source of acquisition Inventory number Total Checkouts Full call number Barcode Date last seen Price effective from Koha item type
    Dewey Decimal Classification     MUST Main Library MUST Main Library 29/10/2024 donation 2000/14911   629.3 MCN 1998 2024-22531 29/10/2024 29/10/2024 Book Bank